Flags of Separatist Movements in Ethiopia - Statistics

General Stats
  • This quiz has been taken 17 times
  • The average score is 6 of 12
Answer Stats
Picture Hint Answer % Correct
Official language spoken in Djibouti Afar
90%
Official language in Eritrea Tigray
90%
Ruled the country for many centuries Amhara
80%
Dominant ethnic group of the entire country Oromia
80%
Gained autonomy a few years ago Sidama
50%
Descendants of Najashi Harari
40%
Wants unification with Somalia Ogaden
40%
Flag that is similar to Palestine Benishangul-Gumuz
30%
Culturally similar to South Sudan Gambella
30%
Inhabitants living in the southwest of the country Gurage
20%
Home to the Rift Valley Hadiya
20%
Descendants of Dʿmt Wolaita
20%
No matching quizzes found
Score Distribution
Percent of People with Each Score
Percentile by Number Answered
Your Score History
You have not taken this quiz